[Event "Festival International des Jeux 2005"]
[Site "Cannes"]
[Date "2005.02.20"]
[Round "1.2"]
[White "Midoux, Sebastien"]
[Black "Palac, Mladen"]
[Result "0-1"]
[WhiteElo "2310"]
[BlackElo "2575"]
[PlyCount "56"]
[EventDate "2005.??.??"]

1. d4 Nf6 2. c4 e6 3. g3 c5 4. d5 exd5 5. cxd5 b5 6. Bg2 d6 7. b4 Nbd7 8. bxc5
dxc5 9. Nd2 Bb7 10. Qb3 Rb8 11. Nh3 c4 12. Qe3+ Be7 13. Ne4 O-O 14. O-O Bxd5
15. Nxf6+ Bxf6 16. Rb1 Re8 17. Qd2 Bxg2 18. Kxg2 Qc7 19. Qc2 Nb6 20. Bf4 Qc6+
21. Kg1 Rbc8 22. Bg5 Bxg5 23. Nxg5 g6 24. Nf3 Rcd8 25. Rfd1 Rxd1+ 26. Qxd1 Qc5
27. Qd2 c3 28. Qh6 Rxe2 0-1

[Event "Festival International des Jeux 2005"]
[Site "Cannes"]
[Date "2005.02.20"]
[Round "1.3"]
[White "Degraeve, Jean-Marc"]
[Black "Simon, Olivier"]
[Result "1-0"]
[WhiteElo "2569"]
[BlackElo "2289"]
[PlyCount "87"]
[EventDate "2005.??.??"]

1. e4 c5 2. Nf3 d6 3. Bb5+ Bd7 4. Bxd7+ Qxd7 5. O-O Nf6 6. e5 dxe5 7. Nxe5 Qd6
8. Qe2 a6 9. d3 Nc6 10. Bf4 Nxe5 11. Bxe5 Qc6 12. Nd2 e6 13. f4 Be7 14. f5 O-O
15. Bg3 Rae8 16. fxe6 Bd6 17. exf7+ Rxf7 18. Qf3 Bxg3 19. Qxg3 Re2 20. Nc4 Rfe7
21. Rae1 b5 22. Rxe2 Rxe2 23. Nd6 Re6 24. Nf5 Qd7 25. c3 g6 26. Nh6+ Kg7 27.
Ng4 Nxg4 28. Qxg4 Qe7 29. b4 Re1 30. Qf4 cxb4 31. cxb4 Qe3+ 32. Qxe3 Rxe3 33.
Rf3 Re2 34. a3 Ra2 35. d4 Rd2 36. Rc3 Rxd4 37. Rc7+ Kh6 38. Ra7 Rd6 39. Kf2 Re6
40. h4 g5 41. hxg5+ Kg6 42. Kf3 Kxg5 43. Rxh7 Rc6 44. Ke4 1-0

[Event "Festival International des Jeux 2005"]
[Site "Cannes"]
[Date "2005.02.20"]
[Round "1.4"]
[White "Mihalj, M. Miroslav"]
[Black "Zhang, Pengxiang"]
[Result "0-1"]
[WhiteElo "2287"]
[BlackElo "2560"]
[PlyCount "100"]
[EventDate "2005.??.??"]

1. d4 d5 2. c4 dxc4 3. Nf3 Nf6 4. e3 g6 5. Bxc4 Bg7 6. Nc3 O-O 7. O-O Ne8 8. b4
Nd6 9. Be2 Bf5 10. Bb2 Nd7 11. Rc1 Nb6 12. b5 Rc8 13. Na4 Be6 14. Nc5 Bd5 15.
Nd2 Nd7 16. Nd3 Nf6 17. Nb4 Be6 18. a4 Nd5 19. Nd3 Bf5 20. Qb3 e6 21. Ba3 Bxd3
22. Bxd3 Re8 23. Nf3 Bh6 24. Bb1 Ra8 25. Bd3 Nxe3 26. fxe3 Bxe3+ 27. Kh1 Bxc1
28. Bxc1 Qe7 29. Qd1 Rad8 30. Qe1 f6 31. Ba3 Qg7 32. Qf2 Nf5 33. Be4 Nd6 34.
Bd3 Qd7 35. Qh4 Rf8 36. Re1 Rf7 37. Qf4 Kg7 38. Bb2 Kg8 39. Qg4 Re8 40. h4 Rg7
41. Kg1 c6 42. bxc6 bxc6 43. Bc3 Nf5 44. Bc4 Qd6 45. Qe4 Rge7 46. Rb1 c5 47.
Rb5 Kg7 48. Rxc5 e5 49. Rc6 Qa3 50. Qd3 e4 0-1

[Event "Festival International des Jeux 2005"]
[Site "Cannes"]
[Date "2005.02.20"]
[Round "1.5"]
[White "Nevednichy, Vladislav"]
[Black "Lamorelle, Yves"]
[Result "1-0"]
[WhiteElo "2559"]
[BlackElo "2266"]
[PlyCount "58"]
[EventDate "2005.??.??"]

1. e4 e5 2. Nf3 Nc6 3. Bc4 Nf6 4. d3 Be7 5. O-O O-O 6. Bb3 d6 7. c3 Na5 8. Bc2
c5 9. Nbd2 b5 10. Re1 h6 11. h3 Re8 12. Nf1 Bf8 13. Ng3 g6 14. d4 cxd4 15. cxd4
Nc6 16. Be3 exd4 17. Nxd4 Nxd4 18. Qxd4 Bb7 19. Rad1 Nd7 20. Qd2 Qh4 21. Qa5
Bc6 22. Bb3 Ne5 23. Bd4 Nc4 24. Qa6 Rac8 25. a4 Qg5 26. h4 Qxh4 27. axb5 Bd7
28. b6 Nxb6 29. Qxa7 Bg4 1-0

[Event "Festival International des Jeux 2005"]
[Site "Cannes"]
[Date "2005.02.20"]
[Round "1.6"]
[White "Jessel, Stephen"]
[Black "Rotstein, Arkadij"]
[Result "0-1"]
[WhiteElo "2266"]
[BlackElo "2528"]
[PlyCount "44"]
[EventDate "2005.??.??"]

1. e4 c5 2. Nf3 e6 3. d4 cxd4 4. Nxd4 Nf6 5. Nc3 d6 6. Be2 a6 7. O-O Be7 8. Be3
Qc7 9. f4 b5 10. Bf3 Bb7 11. e5 dxe5 12. fxe5 Qxe5 13. Re1 Qc7 14. Nf5 exf5 15.
Bxb7 Qxb7 16. Bc5 Ne4 17. Nxe4 fxe4 18. Bxe7 Qxe7 19. Qd5 Qa7+ 20. Kh1 O-O 21.
a4 bxa4 22. Rxa4 Nd7 0-1

[Event "Festival International des Jeux 2005"]
[Site "Cannes"]
[Date "2005.02.20"]
[Round "1.7"]
[White "Lalic, Bogdan"]
[Black "Mogranzini, Roberto"]
[Result "1/2-1/2"]
[WhiteElo "2520"]
[BlackElo "2266"]
[PlyCount "32"]
[EventDate "2005.??.??"]

1. Nf3 Nf6 2. c4 g6 3. Nc3 Bg7 4. e4 d6 5. d4 O-O 6. Be2 e5 7. O-O Nc6 8. d5
Ne7 9. b4 a5 10. Ba3 Nh5 11. c5 Nf4 12. b5 Bg4 13. b6 cxb6 14. cxd6 Nc8 15. d7
Bxd7 16. Bxf8 Bxf8 1/2-1/2

[Event "Festival International des Jeux 2005"]
[Site "Cannes"]
[Date "2005.02.20"]
[Round "1.8"]
[White "Peric, Slavisa"]
[Black "Zelcic, Robert"]
[Result "0-1"]
[WhiteElo "2230"]
[BlackElo "2514"]
[PlyCount "58"]
[EventDate "2005.??.??"]

1. d4 c5 2. d5 e6 3. Nc3 d6 4. e4 a6 5. a4 Ne7 6. Nf3 exd5 7. exd5 Ng6 8. Be2
Be7 9. O-O Bg4 10. Nd2 Bxe2 11. Qxe2 O-O 12. Nc4 Nd7 13. f4 Re8 14. Qd3 Nb6 15.
a5 Nxc4 16. Qxc4 Bf6 17. g3 Qd7 18. f5 Bd4+ 19. Kg2 Ne5 20. Qa4 b5 21. axb6 Qb7
22. Rd1 Qxb6 23. f6 Ng6 24. Qc6 Qd8 25. fxg7 Nh4+ 26. gxh4 Qxh4 27. Rxd4 cxd4
28. Rxa6 Rac8 29. Qxd6 dxc3 0-1

[Event "Festival International des Jeux 2005"]
[Site "Cannes"]
[Date "2005.02.20"]
[Round "1.9"]
[White "Drazic, Sinisa"]
[Black "Perez, Flavio"]
[Result "1-0"]
[WhiteElo "2489"]
[BlackElo "2230"]
[PlyCount "87"]
[EventDate "2005.??.??"]

1. e4 c5 2. Nf3 e6 3. g3 Nc6 4. Bg2 a6 5. O-O d6 6. Nc3 Nf6 7. d3 Be7 8. Ng5 h6
9. Nh3 g5 10. f3 Qc7 11. Nf2 Rg8 12. Ne2 b6 13. c3 Bb7 14. d4 h5 15. Be3 h4 16.
Qd2 Nd7 17. b4 hxg3 18. hxg3 O-O-O 19. g4 Nf8 20. Rab1 Nb8 21. Ng3 Nbd7 22. Nh3
f6 23. Rfd1 Ng6 24. Qf2 Rh8 25. Nh5 Rdg8 26. bxc5 dxc5 27. dxc5 bxc5 28. e5
Ngxe5 29. Rxb7 Qxb7 30. f4 Nc6 31. fxg5 Nde5 32. Nxf6 Rf8 33. Qg3 Bxf6 34. gxf6
Rxf6 35. Bf4 Ng6 36. Bg5 Rf7 37. Qe1 Nge5 38. Bf4 Rxh3 39. Bxe5 Rh6 40. Rd6 Rc7
41. Bf4 Rf6 42. Rxe6 Re7 43. Bxc6 Rfxe6 44. Bxb7+ 1-0

[Event "Festival International des Jeux 2005"]
[Site "Cannes"]
[Date "2005.02.20"]
[Round "1.10"]
[White "Huberty, Marc"]
[Black "Wang, Rui"]
[Result "0-1"]
[WhiteElo "2218"]
[BlackElo "2478"]
[PlyCount "66"]
[EventDate "2005.??.??"]

1. e4 e5 2. Nf3 Nc6 3. Bb5 Nf6 4. O-O Nxe4 5. d4 Nd6 6. Bxc6 dxc6 7. dxe5 Nf5
8. Qxd8+ Kxd8 9. b3 Ne7 10. Bb2 Ng6 11. Nbd2 Ke8 12. Rfe1 Be7 13. h3 c5 14. Ne4
Be6 15. c4 Kd7 16. Ng3 h5 17. Bc1 a5 18. a4 Rae8 19. Be3 Kc6 20. Rad1 h4 21.
Ne2 Rh5 22. Nf4 Nxf4 23. Bxf4 g5 24. Bd2 g4 25. hxg4 Bxg4 26. Bxa5 b6 27. Bc3
h3 28. Rd3 hxg2 29. Nh2 Bh3 30. Ree3 Bf5 31. Rd5 Be6 32. Rdd3 Reh8 33. Nf3 Rg8
0-1

[Event "Festival International des Jeux 2005"]
[Site "Cannes"]
[Date "2005.02.21"]
[Round "2.1"]
[White "Berescu, Alin"]
[Black "Delchev, Aleksander"]
[Result "1/2-1/2"]
[WhiteElo "2424"]
[BlackElo "2597"]
[PlyCount "77"]
[EventDate "2005.??.??"]

1. e4 c5 2. Nf3 e6 3. d4 cxd4 4. Nxd4 Nc6 5. Nc3 Qc7 6. g3 a6 7. Bg2 d6 8. O-O
Bd7 9. Nxc6 Bxc6 10. Re1 Be7 11. Qg4 h5 12. Qe2 h4 13. a4 hxg3 14. hxg3 Kf8 15.
Be3 Nf6 16. a5 g6 17. Bb6 Qc8 18. Rad1 Kg7 19. Nd5 Bxd5 20. exd5 e5 21. c4 Bd8
22. Bxd8 Qxd8 23. b4 Rc8 24. Rc1 Rh5 25. Bf3 Rg5 26. Qd2 Rf5 27. Qe3 Qh8 28.
Kg2 Qh6 29. Qxh6+ Kxh6 30. c5 dxc5 31. d6 e4 32. Rxe4 Nxe4 33. Bxe4 c4 34. Bxf5
gxf5 35. Kf3 Kg5 36. Ke3 Kf6 37. Kd4 Ke6 38. Rxc4 Rd8 39. Rc5 1/2-1/2

[Event "Festival International des Jeux 2005"]
[Site "Cannes"]
[Date "2005.02.21"]
[Round "2.2"]
[White "Palac, Mladen"]
[Black "Siebrecht, Sebastian"]
[Result "0-1"]
[WhiteElo "2575"]
[BlackElo "2408"]
[PlyCount "80"]
[EventDate "2005.??.??"]

1. e4 c5 2. Nf3 e6 3. d4 cxd4 4. Nxd4 a6 5. Bd3 Nf6 6. O-O Qc7 7. Qe2 d6 8. c4
Nbd7 9. Nc3 Ne5 10. Nf3 Be7 11. Nxe5 dxe5 12. Be3 O-O 13. a3 b6 14. b4 Bb7 15.
Rfd1 a5 16. Rab1 axb4 17. axb4 Bc6 18. f3 Ra3 19. Rdc1 Rd8 20. Qc2 Be8 21. Bf1
Nh5 22. Qf2 Rb8 23. Nb5 Bxb5 24. cxb5 Qa7 25. Rc6 Bd8 26. Rbc1 h6 27. Rc8 Rxc8
28. Rxc8 Qd7 29. Rc2 Bg5 30. Bxb6 Ra1 31. Ra2 Rd1 32. h4 Bf4 33. Ra8+ Kh7 34.
Rd8 Rxf1+ 35. Qxf1 Qe7 36. Qe1 Bg3 37. Qd1 Qxh4 38. Kf1 Qh1+ 39. Ke2 Nf4+ 40.
Ke3 Be1 0-1

[Event "Festival International des Jeux 2005"]
[Site "Cannes"]
[Date "2005.02.21"]
[Round "2.3"]
[White "Sebenik, Matej"]
[Black "Degraeve, Jean-Marc"]
[Result "0-1"]
[WhiteElo "2412"]
[BlackElo "2569"]
[PlyCount "84"]
[EventDate "2005.??.??"]

1. Nf3 g6 2. c4 Bg7 3. d4 d6 4. Nc3 Bg4 5. g3 Bxf3 6. exf3 e6 7. Qb3 Nc6 8.
Qxb7 Nxd4 9. Bd3 Ne7 10. Nb5 Nxb5 11. cxb5 O-O 12. O-O Qb8 13. Qe4 d5 14. Qh4
Re8 15. Bg5 Nf5 16. Bxf5 exf5 17. a4 a6 18. Qb4 Re2 19. Bd2 axb5 20. axb5 h5
21. Rxa8 Qxa8 22. Re1 Rxe1+ 23. Bxe1 Qa1 24. b3 Qd1 25. Kg2 d4 26. Bd2 d3 27.
Bf4 Qc2 28. Qc4 Bb2 29. Qd5 Bf6 30. h4 Be7 31. Qc4 Bc5 32. Qxc2 dxc2 33. Bc1
Kf8 34. Bb2 Ke7 35. Kf1 Kd7 36. Ke2 Bd4 37. Bc1 Kc8 38. Kd3 Bxf2 39. Kxc2 Bxg3
40. Bg5 Kd7 41. Kd3 Ke6 42. Bd8 f6 0-1

[Event "Festival International des Jeux 2005"]
[Site "Cannes"]
[Date "2005.02.21"]
[Round "2.5"]
[White "Bellia, Fabrizio"]
[Black "Nevednichy, Vladislav"]
[Result "0-1"]
[WhiteElo "2407"]
[BlackElo "2559"]
[PlyCount "100"]
[EventDate "2005.??.??"]

1. e4 e5 2. Nf3 d6 3. d4 exd4 4. Nxd4 Nf6 5. Nc3 Be7 6. Qf3 O-O 7. Nf5 Bxf5 8.
Qxf5 Nbd7 9. Be3 c6 10. a4 Re8 11. Be2 Bf8 12. O-O Re5 13. Qf3 Qa5 14. Bd3 Rae8
15. Rfb1 R5e6 16. Qd1 Ne5 17. Be2 Ng6 18. Bc4 R6e7 19. Bd3 a6 20. h3 Ne5 21.
Bf1 Ned7 22. Bd3 Qc7 23. b4 g6 24. Qd2 Bg7 25. Ra3 d5 26. exd5 cxd5 27. Bf1
Rxe3 28. fxe3 Qe5 29. Rd1 Nf8 30. Nxd5 Ne4 31. Qe2 Ne6 32. Rad3 Bf8 33. Qf3 Kg7
34. Nf4 N6g5 35. Qg4 Nf6 36. Qe2 Bxb4 37. Nd5 Bd6 38. Nf4 Bc5 39. Nd5 Bd6 40.
Nf4 Bc5 41. Nd5 Nfe4 42. Qe1 Ne6 43. Qe2 Rd8 44. c4 b5 45. axb5 axb5 46. cxb5
N6g5 47. b6 Qg3 48. Nf4 Qxf4 49. Qb2+ Kh6 50. b7 Bxe3+ 0-1

[Event "Festival International des Jeux 2005"]
[Site "Cannes"]
[Date "2005.02.21"]
[Round "2.6"]
[White "Rotstein, Arkadij"]
[Black "Brumen, Dinko"]
[Result "1-0"]
[WhiteElo "2528"]
[BlackElo "2381"]
[PlyCount "109"]
[EventDate "2005.??.??"]

1. c4 e6 2. d4 Nf6 3. Nc3 d5 4. cxd5 exd5 5. Bg5 c6 6. e3 Be7 7. Qc2 Nbd7 8.
Bd3 O-O 9. Nge2 Re8 10. O-O Nf8 11. Rae1 Be6 12. f3 Rc8 13. Kh1 Kh8 14. e4 dxe4
15. fxe4 Ng4 16. Bxe7 Qxe7 17. Nf4 Rcd8 18. h3 Qh4 19. Kg1 Nf6 20. Nce2 Ng6 21.
Nxe6 Rxe6 22. e5 Nd5 23. Qc1 Re7 24. Kh2 Rc7 25. Bc4 c5 26. Ng3 Ndf4 27. d5 b5
28. d6 Rb7 29. Be2 c4 30. Qe3 Re8 31. Bg4 Qg5 32. d7 Rd8 33. Bf5 Ne6 34. Qxg5
Nxg5 35. Ne4 Nxe4 36. Rxe4 Nf8 37. Rd4 g6 38. Bg4 Kg8 39. Rdf4 Nxd7 40. Rxf7
Nc5 41. Rxb7 Nxb7 42. e6 Nd6 43. e7 Re8 44. Rf6 Nf5 45. Bxf5 gxf5 46. Rxf5 a6
47. Re5 Kf7 48. Kg3 Rxe7 49. Rxe7+ Kxe7 50. Kf4 Kd6 51. Ke4 Kc5 52. g4 a5 53.
h4 b4 54. g5 a4 55. h5 1-0

[Event "Festival International des Jeux 2005"]
[Site "Cannes"]
[Date "2005.02.21"]
[Round "2.7"]
[White "Zelcic, Robert"]
[Black "Trabert, Bettina"]
[Result "1-0"]
[WhiteElo "2514"]
[BlackElo "2357"]
[PlyCount "57"]
[EventDate "2005.??.??"]

1. e4 e5 2. Nf3 Nc6 3. d4 exd4 4. Nxd4 Bb4+ 5. c3 Bc5 6. Be3 Bb6 7. Qg4 Qf6 8.
Nb5 Bxe3 9. fxe3 Kd8 10. Nd2 a6 11. Nd4 Nge7 12. O-O-O d6 13. Qg3 Ne5 14. Be2
h5 15. N2f3 N7g6 16. h3 h4 17. Qe1 Be6 18. Rf1 Nxf3 19. gxf3 Bxh3 20. Rf2 Bd7
21. f4 Qe7 22. Bf3 Kc8 23. Rfd2 f6 24. Qh1 Ra7 25. Nf5 Bxf5 26. exf5 Nf8 27. e4
g5 28. fxg6 Nxg6 29. Qg1 1-0

[Event "Festival International des Jeux 2005"]
[Site "Cannes"]
[Date "2005.02.21"]
[Round "2.8"]
[White "Bagheri, Amir"]
[Black "Aguettaz, Maxime"]
[Result "1-0"]
[WhiteElo "2500"]
[BlackElo "2349"]
[PlyCount "85"]
[EventDate "2005.??.??"]

1. d4 Nf6 2. Nf3 g6 3. c4 Bg7 4. Nc3 d6 5. e4 O-O 6. Be2 e5 7. O-O Nc6 8. d5
Ne7 9. b4 a5 10. Ba3 Nd7 11. bxa5 Rxa5 12. Bb4 Ra6 13. a4 Bh6 14. Ne1 f5 15. c5
dxc5 16. Bxa6 cxb4 17. d6 bxc3 18. dxe7 Qxe7 19. Bxb7 Bxb7 20. Qb3+ Qf7 21.
Qxb7 Nc5 22. Qd5 Qxd5 23. exd5 Ra8 24. Nc2 Nb3 25. Ra2 Bd2 26. a5 Rxa5 27. Rxa5
Nxa5 28. Rb1 c6 29. Ra1 cxd5 30. Rxa5 d4 31. Rxe5 d3 32. Nb4 c2 33. Nxd3 c1=Q+
34. Nxc1 Bxc1 35. h3 h5 36. Re7 Bb2 37. Rb7 Bg7 38. Kf1 Kh7 39. Ke2 Kh6 40. Kd3
Be5 41. Kc4 Bh2 42. Kd5 Bg1 43. Rb2 1-0

[Event "Festival International des Jeux 2005"]
[Site "Cannes"]
[Date "2005.02.21"]
[Round "2.9"]
[White "Pira, Davoud"]
[Black "Drazic, Sinisa"]
[Result "1/2-1/2"]
[WhiteElo "2382"]
[BlackElo "2489"]
[PlyCount "118"]
[EventDate "2005.??.??"]

1. d4 Nf6 2. Nf3 g6 3. c4 Bg7 4. Nc3 O-O 5. e4 d6 6. Be2 h6 7. O-O e5 8. dxe5
dxe5 9. Nxe5 Nxe4 10. Nxe4 Bxe5 11. Qxd8 Rxd8 12. Bxh6 Bxb2 13. Rad1 Re8 14.
Rd2 Bg7 15. Bxg7 Kxg7 16. Nc5 Nc6 17. f4 Rb8 18. Bf3 Na5 19. Rc1 b6 20. Nb3
Nxb3 21. axb3 a5 22. Kf2 Be6 23. Bc6 Rh8 24. h3 Rh5 25. Rcd1 Kf6 26. Bd7 Rd8
27. Bxe6 Rxd2+ 28. Rxd2 Kxe6 29. Ke3 f6 30. Rd8 b5 31. Ra8 bxc4 32. bxc4 Kd6
33. Rg8 g5 34. fxg5 fxg5 35. Ra8 g4 36. hxg4 Rg5 37. Kf4 Rc5 38. g5 Ke6 39.
Re8+ Kf7 40. Re5 Rxc4+ 41. Kf5 a4 42. Ra5 Kg7 43. g4 a3 44. Rxa3 Rc5+ 45. Kf4
Kg6 46. Ra8 Rc4+ 47. Kg3 Kxg5 48. Rg8+ Kf6 49. Kh4 c5 50. Rc8 Rc1 51. Rc6+ Ke5
52. g5 c4 53. g6 Kf4 54. Rf6+ Ke4 55. Kg5 Rg1+ 56. Kh6 Rh1+ 57. Kg5 c3 58. Rc6
Kd3 59. g7 Rg1+ 1/2-1/2

[Event "Festival International des Jeux 2005"]
[Site "Cannes"]
[Date "2005.02.21"]
[Round "2.10"]
[White "Wang, Rui"]
[Black "Webb, Laurence"]
[Result "1-0"]
[WhiteElo "2478"]
[BlackElo "2336"]
[PlyCount "61"]
[EventDate "2005.??.??"]

1. d4 e6 2. Nf3 Nf6 3. Bg5 c5 4. e3 Nc6 5. Nbd2 cxd4 6. exd4 Be7 7. c3 d6 8.
Bd3 Nd5 9. Bxe7 Qxe7 10. O-O O-O 11. Re1 Nf4 12. Bc2 e5 13. dxe5 dxe5 14. Be4
f6 15. Qa4 Qc7 16. Rad1 Bd7 17. g3 Ng6 18. Qc4+ Kh8 19. Bxg6 hxg6 20. Qh4+ Kg8
21. Ne4 g5 22. Nexg5 fxg5 23. Nxg5 Bf5 24. g4 Bg6 25. Re3 Rad8 26. Rde1 Rf6 27.
Rh3 Kf8 28. Qh8+ Ke7 29. Qxg7+ Bf7 30. Nxf7 Rxf7 31. Qxf7+ 1-0

[Event "Festival International des Jeux 2005"]
[Site "Cannes"]
[Date "2005.02.22"]
[Round "3.1"]
[White "Degraeve, Jean-Marc"]
[Black "Sulava, Nenad"]
[Result "0-1"]
[WhiteElo "2569"]
[BlackElo "2470"]
[PlyCount "78"]
[EventDate "2005.??.??"]

1. e4 c5 2. Nf3 e6 3. d4 cxd4 4. Nxd4 Nf6 5. Nc3 Nc6 6. Ndb5 d6 7. Bf4 e5 8.
Bg5 a6 9. Na3 b5 10. Nd5 Be7 11. Nxe7 Nxe7 12. Bxf6 gxf6 13. c4 f5 14. exf5
Nxf5 15. cxb5 Nd4 16. bxa6 Bxa6 17. Qa4+ Qd7 18. Qxd7+ Kxd7 19. Bxa6 Rxa6 20.
O-O-O Rg8 21. g3 Ne2+ 22. Kd2 Rb8 23. Rb1 Nd4 24. Rhd1 d5 25. Nc2 Nxc2 26. Kxc2
Rc8+ 27. Kd3 Rxa2 28. Rd2 Rc4 29. Rbd1 Kd6 30. b3 e4+ 31. Ke2 Rxd2+ 32. Kxd2
Rd4+ 33. Kc2 Rxd1 34. Kxd1 f5 35. Ke2 Kc5 36. f3 Kb4 37. fxe4 fxe4 38. g4 d4
39. g5 Kxb3 0-1

[Event "Festival International des Jeux 2005"]
[Site "Cannes"]
[Date "2005.02.22"]
[Round "3.2"]
[White "Nevednichy, Vladislav"]
[Black "Tratar, Marko"]
[Result "1-0"]
[WhiteElo "2559"]
[BlackElo "2469"]
[PlyCount "57"]
[EventDate "2005.??.??"]

1. e4 d5 2. exd5 Qxd5 3. Nc3 Qa5 4. d4 Nf6 5. Nf3 Ne4 6. Bd3 Nxc3 7. bxc3 e6 8.
O-O Be7 9. Re1 Nd7 10. Bd2 c6 11. c4 Qc7 12. a4 O-O 13. a5 c5 14. c3 Rd8 15.
Qe2 Nf8 16. h4 Bd7 17. h5 f6 18. Nh4 Be8 19. d5 Bf7 20. dxe6 Bxe6 21. Bf5 Bxf5
22. Nxf5 Bd6 23. Qg4 Kh8 24. Re7 Qxe7 25. Nxe7 Bxe7 26. Re1 Rd7 27. h6 g6 28.
Qf3 Re8 29. Bg5 1-0

[Event "Festival International des Jeux 2005"]
[Site "Cannes"]
[Date "2005.02.22"]
[Round "3.3"]
[White "Dunis, Aurelien"]
[Black "Rotstein, Arkadij"]
[Result "1-0"]
[WhiteElo "2462"]
[BlackElo "2528"]
[PlyCount "51"]
[EventDate "2005.??.??"]

1. e4 c5 2. Nf3 e6 3. d4 cxd4 4. Nxd4 Nf6 5. Nc3 d6 6. g4 a6 7. g5 Nfd7 8. Be3
b5 9. a3 Bb7 10. h4 Be7 11. Qg4 Ne5 12. Qg2 Qc7 13. h5 O-O 14. g6 Bf6 15. h6
fxg6 16. Nxe6 Nf3+ 17. Kd1 Qf7 18. Nxf8 Bxc3 19. bxc3 Bxe4 20. hxg7 Qd5+ 21.
Kc1 Ne5 22. Qh3 h5 23. Rg1 Bf5 24. Qg2 Be4 25. Qg5 Kxg7 26. Qe7+ 1-0

[Event "Festival International des Jeux 2005"]
[Site "Cannes"]
[Date "2005.02.22"]
[Round "3.4"]
[White "Saric, Ante"]
[Black "Zelcic, Robert"]
[Result "1-0"]
[WhiteElo "2447"]
[BlackElo "2514"]
[PlyCount "75"]
[EventDate "2005.??.??"]

1. d4 Nf6 2. c4 e6 3. Nf3 Bb4+ 4. Nbd2 b6 5. e3 O-O 6. Bd3 d5 7. O-O c5 8. cxd5
exd5 9. Ne5 Bxd2 10. Bxd2 Ba6 11. dxc5 bxc5 12. Bc3 Bxd3 13. Qxd3 Qb6 14. Rfd1
Na6 15. Nf3 Rfd8 16. Qf5 Qe6 17. Qf4 Ne4 18. Ng5 Nxg5 19. Qxg5 f6 20. Qf4 Rd7
21. Rd2 Nc7 22. Qa4 a6 23. Rad1 Nb5 24. h3 d4 25. exd4 cxd4 26. Bxd4 Rc8 27.
Be3 Rxd2 28. Rxd2 h6 29. Qg4 f5 30. Qf3 Rc4 31. Qd5 Kf7 32. b3 Rc6 33. Qd7+ Kf6
34. a4 Rc1+ 35. Kh2 Qe5+ 36. g3 f4 37. axb5 fxg3+ 38. fxg3 1-0

[Event "Festival International des Jeux 2005"]
[Site "Cannes"]
[Date "2005.02.22"]
[Round "3.5"]
[White "Petkov, Vladimir"]
[Black "Bagheri, Amir"]
[Result "0-1"]
[WhiteElo "2439"]
[BlackElo "2500"]
[PlyCount "68"]
[EventDate "2005.??.??"]

1. d4 Nf6 2. c4 e6 3. Nc3 Bb4 4. e3 O-O 5. Nge2 c5 6. a3 cxd4 7. exd4 Be7 8.
Nf4 d5 9. cxd5 Nxd5 10. Ncxd5 exd5 11. Bd3 Bg5 12. Qh5 Re8+ 13. Kf1 h6 14. h4
Bxf4 15. Bxf4 Qb6 16. Rd1 Nd7 17. Qxd5 Qxb2 18. Bc4 Re7 19. Qd6 Re8 20. Qg6 Kh8
21. Qd3 Qb6 22. Rb1 Qf6 23. Bg5 Qd6 24. Bd2 Kg8 25. Qb3 Qg6 26. h5 Qf6 27. Rh3
Nb6 28. Rf3 Nxc4 29. Qxc4 Bf5 30. Rxb7 Be6 31. Qb4 Qh4 32. Kg1 Bd5 33. Rg3 Bxb7
34. Qxb7 Rab8 0-1

[Event "Festival International des Jeux 2005"]
[Site "Cannes"]
[Date "2005.02.22"]
[Round "3.6"]
[White "Sanchez, Joseph"]
[Black "Wang, Rui"]
[Result "1-0"]
[WhiteElo "2430"]
[BlackElo "2478"]
[PlyCount "75"]
[EventDate "2005.??.??"]

1. e4 c5 2. Nf3 e6 3. d4 cxd4 4. Nxd4 Nc6 5. Nc3 Qc7 6. Be3 a6 7. Bd3 b5 8.
Nxc6 Qxc6 9. O-O Bb7 10. a3 Nf6 11. Re1 Be7 12. Qf3 O-O 13. Qh3 Qc7 14. Bg5 e5
15. Nd5 Bxd5 16. exd5 g6 17. Qh4 Qd6 18. Re3 Rfe8 19. a4 Nxd5 20. Bxe7 Qxe7 21.
Qxe7 Nxe7 22. Rxe5 bxa4 23. Rxa4 Nc6 24. Rxe8+ Rxe8 25. Bxa6 Re1+ 26. Bf1 Kg7
27. f3 Rb1 28. b3 Rc1 29. Rc4 Ne5 30. Re4 Nc6 31. Rc4 Ne5 32. Rc3 f5 33. f4 Ng4
34. b4 Nxh2 35. Kxh2 Rxf1 36. b5 Rxf4 37. b6 Rh4+ 38. Kg1 1-0

[Event "Festival International des Jeux 2005"]
[Site "Cannes"]
[Date "2005.02.22"]
[Round "3.7"]
[White "Jankovic, Alojzije"]
[Black "Siebrecht, Sebastian"]
[Result "1-0"]
[WhiteElo "2477"]
[BlackElo "2408"]
[PlyCount "59"]
[EventDate "2005.??.??"]

1. d4 Nf6 2. Nf3 e6 3. c4 b6 4. a3 Ba6 5. Qc2 c5 6. d5 exd5 7. cxd5 Be7 8. Nc3
O-O 9. g3 b5 10. e4 Re8 11. Bxb5 Bxb5 12. Nxb5 Nxe4 13. O-O Nd6 14. Nxd6 Bxd6
15. Ng5 g6 16. Ne4 Be5 17. Qxc5 d6 18. Qc2 Nd7 19. Rb1 Qa5 20. Qc6 Nb6 21. Nxd6
Bxd6 22. Qxd6 Rad8 23. Qf6 Nxd5 24. Qh4 Re2 25. Bh6 Rde8 26. Qd4 R8e5 27. Rbc1
Nb6 28. Qd6 Re8 29. Rc5 Nc8 30. Qf6 1-0

[Event "Festival International des Jeux 2005"]
[Site "Cannes"]
[Date "2005.02.22"]
[Round "3.8"]
[White "Delchev, Aleksander"]
[Black "Pira, Davoud"]
[Result "1-0"]
[WhiteElo "2597"]
[BlackElo "2382"]
[PlyCount "112"]
[EventDate "2005.??.??"]

1. e4 c5 2. Nf3 e6 3. Nc3 a6 4. d4 cxd4 5. Nxd4 Qc7 6. Be2 Nc6 7. O-O Nf6 8.
Be3 Bb4 9. Na4 Be7 10. Nxc6 bxc6 11. Nb6 Rb8 12. Nxc8 Qxc8 13. Bd4 d5 14. exd5
cxd5 15. c4 O-O 16. Rc1 Qd7 17. Bd3 dxc4 18. Rxc4 Rfd8 19. Qe2 Rb5 20. Bc2 Rd5
21. Bc3 a5 22. Ra4 Bb4 23. Bxf6 gxf6 24. a3 Bf8 25. Rh4 f5 26. Qh5 h6 27. Rh3
Bg7 28. b4 axb4 29. axb4 Qb5 30. Bb3 Rd4 31. Rg3 Kf8 32. Rc1 Qxb4 33. h3 Rh4
34. Qe2 Re4 35. Qf1 Be5 36. Rf3 Rd2 37. g3 Bd4 38. Bc4 Qd6 39. Kg2 Bb2 40. Rb1
Qc6 41. Bb5 Qd5 42. Kg1 Bd4 43. Qc1 Qa2 44. Bc4 Qa5 45. Bd3 Kg7 46. Bxe4 fxe4
47. Rf4 e3 48. Qc6 exf2+ 49. Kf1 Qd5 50. Qxd5 exd5 51. Rf3 h5 52. Rb7 Rd1+ 53.
Ke2 Re1+ 54. Kd2 Be3+ 55. Kc2 Kg6 56. Rbxf7 d4 1-0

[Event "Festival International des Jeux 2005"]
[Site "Cannes"]
[Date "2005.02.22"]
[Round "3.9"]
[White "Faure, Nicolas"]
[Black "Zhang, Pengxiang"]
[Result "0-1"]
[WhiteElo "2004"]
[BlackElo "2560"]
[PlyCount "80"]
[EventDate "2005.??.??"]

1. e4 c5 2. Nf3 e6 3. d4 cxd4 4. Nxd4 Qb6 5. Nb3 Nc6 6. Nc3 Nf6 7. Be3 Qc7 8.
Bd3 a6 9. f4 d6 10. Qf3 b5 11. O-O-O Bb7 12. Kb1 Nb4 13. Nd4 Rc8 14. a3 Nxd3
15. cxd3 Be7 16. g4 d5 17. e5 Nd7 18. Rc1 Qb8 19. g5 b4 20. axb4 Bxb4 21. Nce2
a5 22. Rxc8+ Bxc8 23. Nc6 Qb5 24. Nxb4 axb4 25. Bd4 Qa4 26. Qe3 O-O 27. f5 Bb7
28. f6 Ra8 29. Rg1 Rc8 30. Rc1 Ra8 31. Rc7 b3 32. Kc1 Qa5 33. Rc3 Nc5 34. Kd1
Na6 35. g6 hxg6 36. Qg5 Qd8 37. Nf4 Nb4 38. Nh5 Nc2 39. Nxg7 Nxd4 40. Qh4 Ra1+
0-1

[Event "Festival International des Jeux 2005"]
[Site "Cannes"]
[Date "2005.02.22"]
[Round "3.10"]
[White "Lalic, Bogdan"]
[Black "Sarno, Spartaco"]
[Result "1/2-1/2"]
[WhiteElo "2520"]
[BlackElo "2380"]
[PlyCount "29"]
[EventDate "2005.??.??"]

1. Nf3 Nf6 2. c4 g6 3. Nc3 Bg7 4. e4 d6 5. d4 O-O 6. Be2 e5 7. O-O Nc6 8. d5
Ne7 9. b4 Nh5 10. Re1 f5 11. Ng5 Nf6 12. Bf3 c6 13. Qb3 Kh8 14. b5 cxd5 15.
exd5 1/2-1/2

[Event "Festival International des Jeux 2005"]
[Site "Cannes"]
[Date "2005.02.22"]
[Round "4.2"]
[White "Bagheri, Amir"]
[Black "Dunis, Aurelien"]
[Result "0-1"]
[WhiteElo "2500"]
[BlackElo "2462"]
[PlyCount "76"]
[EventDate "2005.??.??"]

1. d4 Nf6 2. Nf3 d5 3. c4 c6 4. Nc3 a6 5. c5 Nbd7 6. Bf4 Nh5 7. e3 b6 8. cxb6
Nxf4 9. exf4 e6 10. Bd3 Qxb6 11. Qd2 c5 12. dxc5 Nxc5 13. O-O Be7 14. Rfe1 Bb7
15. Bc2 O-O 16. b4 Nd7 17. Na4 Qd6 18. Rac1 Rac8 19. a3 g6 20. Ne5 Rc7 21. Bd3
Rxc1 22. Qxc1 Rc8 23. Qb2 Nxe5 24. fxe5 Qc6 25. Nc5 Bxc5 26. bxc5 Ba8 27. Rc1
d4 28. f3 Qd5 29. f4 Kg7 30. Bxa6 d3 31. Qf2 Rc6 32. Bb5 d2 33. Rd1 Rxc5 34.
Bf1 Rc2 35. Qe3 Bc6 36. Kf2 Ra2 37. g3 Ba4 38. Bg2 Qd7 0-1